000
00359nam a2200145Ia 4500
001
2520
008
241024s9999 xx 000 0 und d
020
_a
978-9945-020-54-0
082
_a
RD/864.44/B598l/V.68/2
100
_a
Hipólito Billini
245
0
_a
Ensayos 2 : Ensayos
260
_b
Ed. Búho
_c
2008
901
_a
20/9/2012 11:37:23 a.m.
999
_c
7737
_d
7737